Use of new inorganic fillers in tyre rubber formulations (Record no. 71877)

MARC details
000 -LEADER
fixed length control field 00478nam a2200169Ia 4500
100 ## - MAIN ENTRY--AUTHOR NAME
Personal name Kornev A E
245 #0 - TITLE STATEMENT
Title Use of new inorganic fillers in tyre rubber formulations
260 ## - PUBLICATION, DISTRIBUTION, ETC. (IMPRINT)
Name of publisher International Polymer Science and Technology
Year of publication 2002
300 ## - PHYSICAL DESCRIPTION
Number of Pages 24-29
650 ## - SUBJECT ADDED ENTRY--TOPICAL TERM
Topical Term Inorganic fillers
650 ## - SUBJECT ADDED ENTRY--TOPICAL TERM
Topical Term Tyre rubber formulation
700 ## - ADDED ENTRY--PERSONAL NAME
Personal name Bobrov A P
700 ## - ADDED ENTRY--PERSONAL NAME
Personal name Kharlamov SE
700 ## - ADDED ENTRY--PERSONAL NAME
Personal name Sheverdyaev O N
942 ## - ADDED ENTRY ELEMENTS (KOHA)
Koha item type Journals
Holdings
Withdrawn status Lost status Damaged status Not for loan Home library Current library Shelving location Date acquired Serial Enumeration / chronology Koha item type
      Journals RRII Library RRII Library Rubber chemistry 26/09/2002 Volume 29, Issue 9 Journals